000 00253nam a22000857a 4500
008 160912b xxu||||| |||| 00| 0 eng d
100 _9365
_aBatra S.K
245 _aTogether with Mathematics with Solution-X
260 _aNew Delhi
_bRachna Sagar publication
_c1999
999 _c3023
_d3023